000 00475nam a22001337a 4500
005 20241007094901.0
008 241007b |||||||| |||| 00| 0 eng d
100 _aRoman, Rico P.
_eauthor.
_962383
245 _aYears in school :
_bwhich one us the happiest? /
_cRico P. Roman.
260 _aPhilippines:
_bPublishers Association of the Philippines, Inc.,
_cMarch 2019.
300 _aVolume 66, pages 368-369.
700 _aRoman, Rico P.
_eauthor.
_962384
942 _2ddc
_cPER
999 _c22273
_d22273